Music Bacon Puzzle #2 - Statistics

General Stats
  • This quiz has been taken 202 times
  • The average score is 10 of 22
Answer Stats
Answer % Correct
California Gurls Katy Perry
94%
Cold Maroon 5
91%
OMG Usher
73%
Scream & Shout will.i.am
65%
Buttons Snoop Dogg
64%
Me Against The Music Britney Spears
62%
Can't Remember to Forget You Rihanna
61%
Glamorous Fergie
59%
Chantaje Shakira
56%
Moves Like Jagger Christina Aguilera
52%
Rehab Justin Timberlake
51%
4 Minutes Madonna
50%
Wait A Minute The Pussycat Dolls
44%
The Way I Are Timbaland
39%
Yeah! Ludacris
29%
Dark Horse Juicy J
28%
Nobody Wants To Be Lonely Ricky Martin
17%
Lose Control Keri Hilson
16%
Party People Nelly
16%
Vente Pa' Ca Maluma
13%
Low Life Future
11%
One Of Those Nights The Weeknd
7%
No matching quizzes found
Score Distribution
Percent of People with Each Score
Percentile by Number Answered
Your Score History
You have not taken this quiz